000 00908nam a2200289 i 4500
001 10947
003 ES-MaACL
005 20240510213630.0
007 t|
008 930625s1993 sp |||| | spa
020 _a84-323-0788-2
080 _a336.1/.5(729.1)"18"
080 _a355.351(729.1)"18"
100 1 _aCayuela Fernández, José G.
_937218
245 1 0 _aBahía de ultramar :
_bEspaña y Cuba en el siglo XIX : el control de las relaciones coloniales /
_cpor José G. Cayuela Fernández.
250 _a1ª ed.
260 _aMadrid :
_bSiglo XXI de España,
_c1993.
300 _aXII, 281 p. ;
_c21 cm.
490 1 _aHistoria
500 _aÍndice.
504 _aBibliografía: p. [261]-276.
650 7 _aHacienda pública-
_zCuba
_2
_9170356
650 4 _aEjército-
_zCuba-
_vHistoria.
_9168736
830 1 _aHistoria
_9177536
852 _aES-MaACL
_jL-18276
999 _c10947
_d10947